Oxygen radicals and tissue injury : proceedings of a Brook Lodge symposium, Augusta, Michigan, U.S.A., April 27 to 29, 1987

Kaydedildi:
Detaylı Bibliyografya
Yazar: Halliwell, Barry
Materyal Türü: Kitap
Dil:Undetermined
Baskı/Yayın Bilgisi: Bethesda Published for the Upjohn Company by the Federation of American Societies of Experimental Biology 1988
Konular:
Etiketler: Etiketle
Etiket eklenmemiş, İlk siz ekleyin!
Thư viện lưu trữ: Trung tâm Học liệu Trường Đại học Cần Thơ
LEADER 00804nam a2200205Ia 4500
001 CTU_102206
008 210402s9999 xx 000 0 und d
082 |a 616.07 
082 |b H188 
100 |a Halliwell, Barry 
245 0 |a Oxygen radicals and tissue injury : 
245 0 |b proceedings of a Brook Lodge symposium, Augusta, Michigan, U.S.A., April 27 to 29, 1987 
245 0 |c Barry Halliwell 
260 |a Bethesda 
260 |b Published for the Upjohn Company by the Federation of American Societies of Experimental Biology 
260 |c 1988 
650 |a Free radicals (Chemistry),Superoxide,Active oxygen in the body 
650 |x Physiological effect,Congresses,Physiological effect,Congresses,Congresses 
904 |i Hiếu 
980 |a Trung tâm Học liệu Trường Đại học Cần Thơ